Statistics for Euro 2016 Players by Country (Hard Version)

Click here to take the quiz!

General Stats

  • This quiz has been taken 263 times
  • The average score is 15 of 24

Answer Stats

PlayerCountry% Correct
Samuel UmtitiFrance
95%
Leroy SanéGermany
95%
Tom HeatonEngland
87%
Sverrir Ingi IngasonIceland
87%
Thiago MottaItaly
87%
Harun TekinTurkey
84%
Rafa SilvaPortugal
83%
Aritz AdurizSpain
83%
Craig CathcartNorthern Ireland
78%
George WilliamsWales
77%
John GuidettiSweden
68%
Denis ZakariaSwitzerland
63%
Adrian PopaRomania
59%
Christian KabaseleBelgium
56%
Karol LinettyPoland
51%
Denys BoykoUkraine
48%
Theodor Gebre SelassieCzech Republic
47%
Attila FiolaHungary
46%
David MeylerIreland
46%
GuilhermeRussia
44%
Andi LilaAlbania
41%
Gordon SchildenfeldCroatia
37%
Nórbert GyömbérSlovakia
36%
Rubin OkotieAustria
32%

Score Distribution

Percentile by Number Answered

Percent of People with Each Score

Your Score History

You have not taken this quiz